Dutch: Apartment items - Statistics

General Stats
  • This quiz has been taken 8 times
  • The average score is 17 of 24
Answer Stats
Hint Answer % Correct
Door De deur
100%
Chair De stoel
100%
Table De tafel
100%
Bathroom De badkamer
86%
Shower De douche
86%
Room De kamer
86%
Toothpaste De tandpasta
86%
Bed Het bed
86%
Window Het raam
86%
Towel De handdoek
71%
Fridge De koelkast
71%
Elevator De lift
71%
Microwave De magnetron
71%
Oven De oven
71%
Mirror De spiegel
71%
Stairs De trap
71%
Freezer De vriezer
71%
Soap De zeep
71%
Desk Het bureau
71%
Toilet Het toilet
57%
Air fryer De air fryer
43%
Sink De gootsteen
43%
Toaster De broodrooster
29%
Kettle De waterkoeker
0%
No matching quizzes found
Score Distribution
Percent of People with Each Score
Percentile by Number Answered
Your Score History
You have not taken this quiz